[Event "ESP-chT Gp1"]
[Site "Burguillos"]
[Date "2008.08.14"]
[Round "3"]
[White "Antoli Royo, Joaquin Miguel"]
[Black "Ocana Roca, Juan Jesus"]
[Result "1-0"]
[WhiteElo "2441"]
[BlackElo "2157"]
[PlyCount "87"]
[EventDate "2008.08.13"]
[EventType "team"]
[EventRounds "6"]
[EventCountry "ESP"]
[SourceTitle "CBM 126 Extra"]
[Source "ChessBase"]
[SourceDate "2008.11.05"]
[SourceVersion "1"]
[SourceVersionDate "2008.11.05"]
[SourceQuality "1"]

1. e4 c5 2. Nf3 d6 3. c3 Nf6 4. Be2 g6 5. 0-0 Bg7 6. Bb5+ Bd7 7. Bxd7+ Nfxd7 8. d4 cxd4 9. cxd4 0-0 10. Nc3 Nc6 11. Be3 Rc8 12. Qd2 a6 13. Bh6 b5 14. Bxg7 Kxg7 15. Rfe1 Nb6 16. d5 Nc4 17. Qe2 N6e5 18. Nd4 b4 19. Na4 Nb6 20. Qxa6 Nxa4 21. Qxa4 Qb6 22. Qd1 Rc4 23. Nb3 Rfc8 24. Re2 Kg8 25. h3 Nd7 26. Rc1 Rxc1 27. Nxc1 Qc5 28. Nb3 Qa7 29. Nd4 Qxa2 30. Nc6 Re8 31. Nxb4 Qc4 32. Nc6 Nf6 33. b3 Qa6 34. Re3 e6 35. Qd4 exd5 36. exd5 Rxe3 37. fxe3 Nd7 38. b4 Qe2 39. Kh2 h5 40. Qa7 Nf8 41. Qe7 Qf2 42. Qxd6 Qxe3 43. Qf6 Nd7 44. Ne7+ 1-0

[Event "Gibraltar Masters"]
[Site "Gibraltar"]
[Date "2006.02.01"]
[Round "9"]
[White "Swati, Ghate"]
[Black "Ocana Roca, Juan Jesus"]
[Result "1-0"]
[WhiteElo "2244"]
[BlackElo "2125"]
[PlyCount "47"]
[EventDate "2006.01.24"]
[EventType "swiss"]
[EventRounds "10"]
[EventCountry "ENG"]
[SourceTitle "CBM 110 Extra"]
[Source "ChessBase"]
[SourceDate "2006.03.10"]
[SourceVersion "2"]
[SourceVersionDate "2006.03.10"]
[SourceQuality "1"]

1. e4 c5 2. Nf3 d6 3. d4 cxd4 4. Nxd4 Nf6 5. Nc3 g6 6. Be3 Bg7 7. f3 0-0 8. Qd2 Nc6 9. Bc4 Bd7 10. 0-0-0 Qa5 11. Bb3 Rfc8 12. g4 Ne5 13. h4 Rc4 14. Bxc4 Nxc4 15. Qd3 Qb4 16. Nb3 Rc8 17. Bd4 Be6 18. Nd5 Bxd5 19. exd5 Nxd5 20. Bxg7 Nf4 21. Qe4 Kxg7 22. Qxf4 Na3 23. Qd4+ e5 24. bxa3 1-0

[Event "Gibraltar Masters"]
[Site "Gibraltar"]
[Date "2006.01.30"]
[Round "7"]
[White "Grooten, Herman"]
[Black "Ocana Roca, Juan Jesus"]
[Result "1-0"]
[WhiteElo "2365"]
[BlackElo "2125"]
[PlyCount "77"]
[EventDate "2006.01.24"]
[EventType "swiss"]
[EventRounds "10"]
[EventCountry "ENG"]
[SourceTitle "CBM 110 Extra"]
[Source "ChessBase"]
[SourceDate "2006.03.10"]
[SourceVersion "2"]
[SourceVersionDate "2006.03.10"]
[SourceQuality "1"]

1. d4 Nf6 2. c4 g6 3. Nc3 Bg7 4. e4 d6 5. Nf3 0-0 6. Be2 e5 7. Be3 Ng4 8. Bg5 f6 9. Bh4 Nc6 10. d5 Ne7 11. Nd2 Nh6 12. f3 g5 13. Bf2 Ng6 14. g4 Nf4 15. Nf1 c5 16. Ne3 Nf7 17. Bf1 a6 18. a3 Re8 19. b4 b6 20. Rb1 Bd7 21. h3 Qc7 22. Qb3 Rab8 23. a4 Rec8 24. Nf5 Re8 25. Rh2 h5 26. Be3 h4 27. Rhb2 Bxf5 28. gxf5 Ra8 29. Qa3 a5 30. bxc5 bxc5 31. Rb7 Qc8 32. R7b6 Bf8 33. Qb3 Ra7 34. Kf2 Ree7 35. Rb8 Qd7 36. Qb6 Qc7 37. Qc6 Qd7 38. R1b6 Rc7 39. Qa8 1-0

[Event "Gibraltar Masters"]
[Site "Gibraltar"]
[Date "2006.01.29"]
[Round "6"]
[White "Ocana Roca, Juan Jesus"]
[Black "Carlsson, Pontus"]
[Result "0-1"]
[WhiteElo "2125"]
[BlackElo "2430"]
[PlyCount "44"]
[EventDate "2006.01.24"]
[EventType "swiss"]
[EventRounds "10"]
[EventCountry "ENG"]
[SourceTitle "CBM 110 Extra"]
[Source "ChessBase"]
[SourceDate "2006.03.10"]
[SourceVersion "2"]
[SourceVersionDate "2006.03.10"]
[SourceQuality "1"]

1. e4 e6 2. d4 d5 3. exd5 exd5 4. Qe2+ Be7 5. Nf3 Nf6 6. g3 0-0 7. Bg2 b6 8. Ne5 Ba6 9. Qd1 c5 10. Nd3 cxd4 11. 0-0 Nc6 12. Re1 Rc8 13. Bh3 Rc7 14. a3 Bd6 15. Nd2 Re7 16. Nf3 Rxe1+ 17. Ndxe1 Ne4 18. c3 dxc3 19. Qxd5 Nxf2 20. Bg2 cxb2 21. Bxb2 Bc5 22. Qh5 g6 0-1

[Event "Gibraltar Masters"]
[Site "Gibraltar"]
[Date "2006.01.28"]
[Round "5"]
[White "Bakker, Sven"]
[Black "Ocana Roca, Juan Jesus"]
[Result "0-1"]
[WhiteElo "2308"]
[BlackElo "2125"]
[PlyCount "68"]
[EventDate "2006.01.24"]
[EventType "swiss"]
[EventRounds "10"]
[EventCountry "ENG"]
[SourceTitle "CBM 110 Extra"]
[Source "ChessBase"]
[SourceDate "2006.03.10"]
[SourceVersion "2"]
[SourceVersionDate "2006.03.10"]
[SourceQuality "1"]

1. d4 Nf6 2. c4 g6 3. f3 Bg7 4. e4 d6 5. Nc3 0-0 6. Be3 Nc6 7. Nge2 a6 8. Qd2 Rb8 9. Rb1 b5 10. cxb5 axb5 11. b4 e5 12. d5 Ne7 13. Nc1 Bd7 14. Nb3 Nh5 15. g4 Nf4 16. Bxf4 exf4 17. Nd4 f5 18. gxf5 gxf5 19. Bxb5 Bxd4 20. Bxd7 Be3 21. Be6+ Kh8 22. Qe2 Qe8 23. Nd1 Bd4 24. Qd3 Be5 25. exf5 Qh5 26. Nf2 Nxf5 27. Bxf5 Rxf5 28. Ng4 Bg7 29. 0-0 Rxd5 30. Qc4 Rd2 31. Rbd1 Rb2 32. Qxc7 Rg8 33. Qxd6 Be5 34. Qe6 Qxh2# 0-1

[Event "Gibraltar Masters"]
[Site "Caleta"]
[Date "2005.02.03"]
[Round "10"]
[White "Hassan, Abdullah"]
[Black "Ocana Roca, Juan Jesus"]
[Result "1-0"]
[WhiteElo "2357"]
[BlackElo "2149"]
[PlyCount "65"]
[EventDate "2005.01.25"]
[EventType "swiss"]
[EventRounds "10"]
[EventCountry "GGB"]
[SourceTitle "CBM 104 Extra"]
[Source "ChessBase"]
[SourceDate "2005.03.01"]
[SourceVersion "1"]
[SourceVersionDate "2005.03.01"]
[SourceQuality "1"]

1. d4 d5 2. Nf3 Nf6 3. c4 e6 4. Nc3 Be7 5. Bf4 0-0 6. e3 a6 7. Rc1 dxc4 8. Bxc4 c5 9. 0-0 Nc6 10. dxc5 Qxd1 11. Rfxd1 Bxc5 12. Ne5 Nxe5 13. Bxe5 Ba7 14. Be2 Bb8 15. Bd4 Ba7 16. Bf3 Re8 17. Bxf6 gxf6 18. Ne4 Kg7 19. Nd6 Rf8 20. Bxb7 Bxb7 21. Nxb7 Rab8 22. Rd7 Rfc8 23. Rxc8 Rxc8 24. g3 Rc1+ 25. Kg2 Rc2 26. Kf3 Rxb2 27. Nd8 Bb6 28. Rxf7+ Kg6 29. Rb7 Kf5 30. Nf7 Rb4 31. Nd6+ Kg6 32. a3 Rb2 33. Nc4 1-0

[Event "Gibraltar Masters"]
[Site "Caleta"]
[Date "2005.02.01"]
[Round "8"]
[White "Nezad, Husein Aziz"]
[Black "Ocana Roca, Juan Jesus"]
[Result "1/2-1/2"]
[WhiteElo "2349"]
[BlackElo "2149"]
[PlyCount "56"]
[EventDate "2005.01.25"]
[EventType "swiss"]
[EventRounds "10"]
[EventCountry "GGB"]
[SourceTitle "CBM 104 Extra"]
[Source "ChessBase"]
[SourceDate "2005.03.01"]
[SourceVersion "1"]
[SourceVersionDate "2005.03.01"]
[SourceQuality "1"]

1. e4 c5 2. Nf3 d6 3. Bb5+ Bd7 4. Bxd7+ Qxd7 5. c4 e5 6. Nc3 Nc6 7. d3 g6 8. a3 Bg7 9. 0-0 Nge7 10. Rb1 0-0 11. b4 b6 12. Nd5 Nxd5 13. cxd5 Nd4 14. Nxd4 exd4 15. bxc5 bxc5 16. Bf4 f5 17. f3 Rab8 18. Qc2 Rxb1 19. Qxb1 fxe4 20. fxe4 Qe7 21. Qb5 Qf7 22. Rf3 Qe7 23. Qa6 Be5 24. Bxe5 Qxe5 25. Rxf8+ Kxf8 26. Qxa7 Qf4 27. Qb8+ Kg7 28. Qb7+ Kh6 1/2-1/2

[Event "Gibraltar Masters"]
[Site "Caleta"]
[Date "2005.01.26"]
[Round "2"]
[White "Ocana Roca, Juan Jesus"]
[Black "Thorfinnsson, Bragi"]
[Result "0-1"]
[WhiteElo "2149"]
[BlackElo "2435"]
[PlyCount "89"]
[EventDate "2005.01.25"]
[EventType "swiss"]
[EventRounds "10"]
[EventCountry "GGB"]
[SourceTitle "CBM 104 Extra"]
[Source "ChessBase"]
[SourceDate "2005.03.01"]
[SourceVersion "1"]
[SourceVersionDate "2005.03.01"]
[SourceQuality "1"]

1. e4 c5 2. Nf3 d6 3. d4 cxd4 4. Nxd4 Nf6 5. Nc3 Nc6 6. Bc4 e6 7. Bb3 Be7 8. Be3 a6 9. Qe2 0-0 10. 0-0-0 Qc7 11. g4 Nd7 12. g5 Nc5 13. h4 b5 14. f3 Bd7 15. g6 b4 16. Nb1 Nxb3+ 17. axb3 Nxd4 18. Rxd4 e5 19. gxh7+ Kxh7 20. Rc4 Qb7 21. Rg1 Be6 22. Qg2 Bf6 23. Bg5 Rg8 24. Nd2 a5 25. Qe2 Bxg5 26. hxg5 Rh8 27. f4 exf4 28. g6+ fxg6 29. Nf3 Kg8 30. Rd4 a4 31. Rxd6 axb3 32. Rxe6 Ra1+ 33. Kd2 Rxg1 34. Re8+ Kf7 35. Rxh8 Qd7+ 36. Qd3 Rg2+ 37. Kc1 Qxd3 38. cxd3 Rc2+ 39. Kd1 Rxb2 40. Nd2 g5 41. d4 Ra2 42. Nxb3 f3 43. Rh3 g4 44. Rh4 f2 45. Rh1 0-1

[Event "San Fernando op 16th"]
[Site "Cadiz"]
[Date "2002.07.28"]
[Round "6"]
[White "Ocana Roca, Juan Jesus"]
[Black "Hernandez Yanez, Javier"]
[Result "1-0"]
[WhiteElo "2133"]
[BlackElo "2071"]
[PlyCount "80"]
[EventDate "2002.07.24"]
[EventType "swiss"]
[EventRounds "7"]
[EventCountry "ESP"]
[SourceTitle "CBM 089 Extra"]
[Source "ChessBase"]
[SourceDate "2002.09.10"]
[SourceVersion "2"]
[SourceVersionDate "2002.09.10"]
[SourceQuality "1"]

1. e4 e6 2. d3 d5 3. Nd2 c5 4. Ngf3 Nc6 5. g3 g6 6. Bg2 Bg7 7. 0-0 Nge7 8. Nh4 0-0 9. f4 b6 10. e5 Bb7 11. Re1 Nd4 12. Nhf3 Nxf3+ 13. Nxf3 d4 14. Ng5 Bxg2 15. Kxg2 h6 16. Ne4 Nd5 17. h4 h5 18. Rh1 f6 19. exf6 Bxf6 20. Qe2 Qd7 21. Bd2 Rae8 22. Rae1 Rf7 23. Ng5 Rfe7 24. Qe4 Kg7 25. Rhf1 Nc7 26. Re2 Bxg5 27. fxg5 Qd5 28. Bf4 e5 29. Bd2 Qxe4+ 30. Rxe4 Nb5 31. Rf6 Rf7 32. a4 Nc7 33. Rxf7+ Kxf7 34. c4 Re6 35. b4 Ne8 36. Re1 Nd6 37. bxc5 bxc5 38. Rf1+ Ke7 39. Rb1 e4 40. Bf4 a5 1-0